000 01154nam a2200313 a 4500
001 000114420
003 CHAP
005 20220329144440.0
008 180124s2017 mx |sm |||||||spa d
010 _a110881
011 _a111853
040 _cCHAP
090 _aTesis
100 1 _aGómez Merced, Catarino
_9134463
245 1 0 _aCaracterización morfológica y evaluación de familias de medios hermanos de un compuesto racial de maíz amarillo para grano y forraje
_h[En línea]
_cpor Catarino Gómez Merced.
260 _aChapingo, Méx. :
_bEl autor,
_c2017.
500 _aPara ver el contenido del material haga clic en la liga
502 _aTesis (Ing. Agr. Esp. en Zootecnia) -- UACH. Departamento de Zootecnia
590 _aE6337LMJ
_b05
_c20180124
_lUCH01
_h0856
590 _aE6337LMJ
_b05
_c20180124
_lUCH01
_h0856
650 1 4 _aMaíz como forraje.
_971109
650 1 4 _aMaíz
_xTransformación genética.
_971073
650 1 4 _aMaíz
_xValor nutritivo.
_971080
650 1 4 _aMaíz
_xVariedades.
_971081
856 _aFinding aid
_uhttp://10.13.5.2/tesis/sist114420.pdf
_zTeclea aquí
901 _aBK
942 _cTESIS
942 _n0
999 _c110881
_d110881